000 00584nam a2200169Ia 4500
003 GCL
008 140319s9999 xx 000 0 ara d
040 _aGCL /
_cGCL
082 0 4 _a301.417953
_bخ م
100 1 _aخليل عبدالكريم
245 1 0 _aمجتمع يثرب: العلاقة بين الرجل والمرأة فى العهدين المحمدى والخليفى /
_cخليل عبدالكريم
300 _a99 ص
490 _aالهيئة العامة للاستعلامات
_v0
650 0 4 _aالجنس
650 0 4 _aالحياة الزوجية
942 _2ddc
_cBK
999 _c49750
_d49750